[Event "HUN-chT2 Asztalos 2324"]
[Site "Hungary"]
[Date "2024.05.12"]
[Round "9.1"]
[White "Ruppaner, Janos"]
[Black "Papp, Tamas"]
[Result "1/2-1/2"]
[WhiteElo "2038"]
[BlackElo "2269"]
[PlyCount "36"]
[EventDate "2023.10.08"]
[EventType "team-tourn"]
[EventRounds "9"]
[EventCountry "HUN"]
[SourceTitle "EXT 2025"]
[Source "ChessBase"]
[SourceDate "2024.10.14"]
[SourceVersion "1"]
[SourceVersionDate "2024.10.14"]
[SourceQuality "1"]
[WhiteTeam "Kalocsai"]
[BlackTeam "Decs 1990"]
[WhiteTeamCountry "HUN"]
[BlackTeamCountry "HUN"]

1. e4 c5 2. Nf3 e6 3. d4 cxd4 4. Nxd4 Qb6 5. Nb3 Qc7 6. c4 Nf6 7. Bd3 Be7 8. f4 d5 9. cxd5 exd5 10. e5 Ne4 11. Be3 0-0 12. 0-0 Nc6 13. Nc3 Nxc3 14. bxc3 g6 15. Rc1 Rd8 16. Qf3 Ba3 17. Rc2 Qe7 18. Qf2 b6 1/2-1/2

[Event "HUN-chT2 Asztalos 2324"]
[Site "Hungary"]
[Date "2024.04.21"]
[Round "8.1"]
[White "Veress, Robert"]
[Black "Ruppaner, Janos"]
[Result "1/2-1/2"]
[WhiteElo "2174"]
[BlackElo "2038"]
[PlyCount "98"]
[EventDate "2023.10.08"]
[EventType "team-tourn"]
[EventRounds "9"]
[EventCountry "HUN"]
[SourceTitle "EXT 2025"]
[Source "ChessBase"]
[SourceDate "2024.10.14"]
[SourceVersion "1"]
[SourceVersionDate "2024.10.14"]
[SourceQuality "1"]
[WhiteTeam "Kaposvar Bastya"]
[BlackTeam "Kalocsai"]
[WhiteTeamCountry "HUN"]
[BlackTeamCountry "HUN"]

1. d4 d6 2. c4 Bg4 3. Nc3 Nd7 4. h3 Bh5 5. g4 Bg6 6. Bg2 c6 7. f4 e6 8. Nf3 Be7 9. e4 f6 10. Be3 Qb8 11. Qe2 Bd8 12. d5 e5 13. f5 Bf7 14. Rd1 Ne7 15. 0-0 cxd5 16. cxd5 a6 17. a4 Ba5 18. Rc1 Nc8 19. Rc2 Ke7 20. Rfc1 Ncb6 21. b3 Rc8 22. Na2 Rxc2 23. Qxc2 Nc8 24. b4 Bb6 25. Bxb6 Ncxb6 26. a5 Nc8 27. Bf1 Qa7+ 28. Qf2 Kd8 29. Nd2 Be8 30. Nc4 Qxf2+ 31. Kxf2 b5 32. axb6 Ndxb6 33. Na5 Ne7 34. Nb7+ Kd7 35. Ke3 Ra7 36. Na5 Kd8 37. Kd2 Bd7 38. Rc3 Na8 39. Ra3 Nc7 40. Nc3 Be8 41. Bd3 Bd7 42. h4 Nb5 43. Bxb5 axb5 44. Nd1 Rc7 45. Rg3 Ke8 46. g5 Kf7 47. Ne3 Be8 48. Rg1 Kf8 49. Ra1 Nc8 1/2-1/2

[Event "HUN-chT2 Asztalos 2324"]
[Site "Hungary"]
[Date "2024.02.18"]
[Round "4.2"]
[White "Ruppaner, Janos"]
[Black "Bihercz, Gabor"]
[Result "0-1"]
[WhiteElo "2038"]
[BlackElo "2191"]
[PlyCount "42"]
[EventDate "2023.10.08"]
[EventType "team-tourn"]
[EventRounds "9"]
[EventCountry "HUN"]
[SourceTitle "EXT 2025"]
[Source "ChessBase"]
[SourceDate "2024.10.14"]
[SourceVersion "1"]
[SourceVersionDate "2024.10.14"]
[SourceQuality "1"]
[WhiteTeam "Kalocsai"]
[BlackTeam "Szentlorinc"]
[WhiteTeamCountry "HUN"]
[BlackTeamCountry "HUN"]

1. c3 Nf6 2. Na3 d5 3. Nc2 c5 4. d3 Nc6 5. e3 e5 6. h3 Bd6 7. g3 Be6 8. Bg2 Qd7 9. Ne2 e4 10. d4 c4 11. b3 b5 12. Rb1 0-0 13. Nf4 cxb3 14. axb3 b4 15. cxb4 Nxb4 16. Nxb4 Bxb4+ 17. Bd2 Qb5 18. Bf1 Qa5 19. Ne2 Rab8 20. Bxb4 Rxb4 21. Ra1 Ra4+ 0-1

[Event "HUN-chT2 Erkel 2122"]
[Site "Hungary"]
[Date "2021.12.19"]
[Round "4.4"]
[White "Honsch, Pal"]
[Black "Ruppaner, Janos"]
[Result "0-1"]
[WhiteElo "1963"]
[BlackElo "2085"]
[PlyCount "122"]
[EventDate "2021.10.10"]
[EventType "team-tourn"]
[EventRounds "9"]
[EventCountry "HUN"]
[SourceTitle "EXT 2025"]
[Source "ChessBase"]
[SourceDate "2024.10.14"]
[SourceVersion "1"]
[SourceVersionDate "2024.10.14"]
[SourceQuality "1"]
[WhiteTeam "GSBE"]
[BlackTeam "Fot"]
[WhiteTeamCountry "HUN"]
[BlackTeamCountry "HUN"]

1. d4 d6 2. c4 Bg4 3. Nc3 Nd7 4. Qc2 c6 5. e4 e5 6. Be3 Be7 7. Be2 Ngf6 8. Nf3 Qb8 9. 0-0 0-0 10. h3 Bh5 11. Nh2 Bxe2 12. Qxe2 Bd8 13. a4 a5 14. c5 exd4 15. Bxd4 Nxc5 16. Bxc5 dxc5 17. Qc4 Bc7 18. Nf3 b6 19. Rad1 Qe8 20. Rfe1 Rd8 21. Rxd8 Qxd8 22. e5 Ne8 23. Qe4 Qd7 24. Ng5 f5 25. exf6 Nxf6 26. Qe6+ Qxe6 27. Rxe6 Rc8 28. Re7 Bd6 29. Re6 Bf8 30. g4 h6 31. Nge4 Kf7 32. Nd6+ Bxd6 33. Rxd6 Ke7 34. Rd3 Rd8 35. Re3+ Kd6 36. Rd3+ Ke7 37. Rxd8 Kxd8 38. Kg2 Ke7 39. Kf3 g5 40. Ke2 Nd5 41. Ne4 Nf4+ 42. Kf3 Nxh3 43. Ng3 b5 44. Ne4 c4 45. Ke3 Ke6 46. Kd4 Nf4 47. Nc5+ Kd6 48. Ne4+ Kc7 49. axb5 cxb5 50. Kc5 b4 51. Kxc4 Kc6 52. Nd2 Nd5 53. Nb3 Nb6+ 54. Kd3 a4 55. Nd4+ Kc5 56. f4 gxf4 57. Ne6+ Kb5 58. Nxf4 Nc4 59. Ne6 Nxb2+ 60. Kc2 Nc4 61. Nd4+ Kc5 0-1

[Event "HUN-chT2 Erkel 2122"]
[Site "Hungary"]
[Date "2021.12.05"]
[Round "3.4"]
[White "Ruppaner, Janos"]
[Black "Bohati, Tamas"]
[Result "0-1"]
[WhiteElo "2085"]
[BlackElo "2218"]
[PlyCount "72"]
[EventDate "2021.10.10"]
[EventType "team-tourn"]
[EventRounds "9"]
[EventCountry "HUN"]
[SourceTitle "EXT 2025"]
[Source "ChessBase"]
[SourceDate "2024.10.14"]
[SourceVersion "1"]
[SourceVersionDate "2024.10.14"]
[SourceQuality "1"]
[WhiteTeam "Fot"]
[BlackTeam "Kekes"]
[WhiteTeamCountry "HUN"]
[BlackTeamCountry "HUN"]

1. e4 e6 2. d4 d5 3. Nd2 a6 4. Ngf3 Nf6 5. e5 Nfd7 6. Bd3 c5 7. dxc5 Bxc5 8. Qe2 Nc6 9. 0-0 0-0 10. Re1 f6 11. exf6 Nxf6 12. c4 Kh8 13. a3 e5 14. cxd5 Nxd5 15. Ne4 Nd4 16. Nxd4 Bxd4 17. Bg5 Qb6 18. Rab1 Bf5 19. Rf1 Qg6 20. Rbd1 h5 21. h4 Bg4 22. Qd2 Nf4 23. Rde1 Rae8 24. Bb1 Qc6 25. Kh2 Be6 26. Rc1 Qb6 27. b4 Bd5 28. g3 Ne6 29. Be3 Rf3 30. Nc5 Ref8 31. Nd7 Qd6 32. Nxf8 Qxf8 33. Bxd4 Nxd4 34. Rc3 Bc6 35. Kg1 Rxc3 36. Qg5 Nf3+ 0-1

[Event "HUN-chT2 Erkel 2122"]
[Site "Hungary"]
[Date "2021.10.31"]
[Round "2.4"]
[White "Trajber, Csaba"]
[Black "Ruppaner, Janos"]
[Result "0-1"]
[WhiteElo "2003"]
[BlackElo "2125"]
[PlyCount "64"]
[EventDate "2021.10.10"]
[EventType "team-tourn"]
[EventRounds "9"]
[EventCountry "HUN"]
[SourceTitle "EXT 2025"]
[Source "ChessBase"]
[SourceDate "2024.10.14"]
[SourceVersion "1"]
[SourceVersionDate "2024.10.14"]
[SourceQuality "1"]
[WhiteTeam "Vac"]
[BlackTeam "Fot"]
[WhiteTeamCountry "HUN"]
[BlackTeamCountry "HUN"]

1. e4 e5 2. Nf3 Nc6 3. d4 exd4 4. Bc4 Nf6 5. e5 d5 6. Bb5 Ne4 7. Nxd4 Bd7 8. Bxc6 bxc6 9. 0-0 Be7 10. Nd2 Nxd2 11. Bxd2 c5 12. Ne2 Rb8 13. Rb1 0-0 14. Nf4 c6 15. Re1 Qc8 16. h3 Re8 17. Qh5 Bf8 18. Qg5 Bf5 19. Nh5 Kh8 20. Bf4 Bxc2 21. e6 Rxe6 22. Rxe6 Qxe6 23. Rc1 f6 24. Qg3 Rxb2 25. Qc3 Rxa2 26. Rxc2 Rxc2 27. Qxc2 d4 28. Bb8 Qe8 29. Bxa7 Qxh5 30. Qe4 Qd5 31. Qe8 Kg8 32. Bb6 d3 0-1

[Event "HUN-chT2 Asztalos 1314"]
[Site "Hungary"]
[Date "2013.09.22"]
[Round "2"]
[White "Ruppaner, Janos"]
[Black "Szijarto, Attila"]
[Result "1-0"]
[WhiteElo "2133"]
[BlackElo "2066"]
[PlyCount "101"]
[EventDate "2013.09.08"]
[EventType "team-tourn"]
[EventRounds "9"]
[EventCountry "HUN"]
[SourceTitle "EXT 2016"]
[Source "ChessBase"]
[SourceDate "2015.10.08"]
[SourceVersion "1"]
[SourceVersionDate "2015.10.08"]
[SourceQuality "1"]
[WhiteTeam "Baja"]
[BlackTeam "Nagyatad"]
[WhiteTeamCountry "HUN"]
[BlackTeamCountry "HUN"]

1. e4 c5 2. Nf3 d6 3. d4 cxd4 4. Nxd4 Nf6 5. Nc3 Nc6 6. Be2 e5 7. Nb3 Be7 8. Be3 Be6 9. 0-0 0-0 10. f3 d5 11. exd5 Nxd5 12. Nxd5 Bxd5 13. c4 Be6 14. Qxd8 Rfxd8 15. Rfd1 Rac8 16. Nc5 Nd4 17. Bxd4 exd4 18. Nxe6 fxe6 19. a3 Bf6 20. Bd3 Kf7 21. b4 a5 22. Rab1 axb4 23. Rxb4 Rc7 24. Rdb1 Rdd7 25. a4 Be7 26. Rb5 Bc5 27. a5 h6 28. Kf1 Bd6 29. h3 Kf6 30. Ke2 Bf4 31. c5 Rd5 32. Rxb7 Rcxc5 33. a6 Ra5 34. a7 Ra2+ 35. R1b2 Rda5 36. Rxa2 Rxa2+ 37. Ke1 Ra1+ 38. Ke2 Ra2+ 39. Kd1 Be3 40. f4 Ra3 41. Kc2 Bxf4 42. Kb2 Ra5 43. Be4 d3 44. Rd7 d2 45. a8Q Rxa8 46. Bxa8 Kf5 47. Kc2 g5 48. Bf3 e5 49. Re7 Kf6 50. Rh7 Kf5 51. g4+ 1-0

[Event "HUN-chT2 Asztalos 1314"]
[Site "Hungary"]
[Date "2013.09.08"]
[Round "1"]
[White "Schaffer, Karoly"]
[Black "Ruppaner, Janos"]
[Result "0-1"]
[WhiteElo "1856"]
[BlackElo "2133"]
[PlyCount "80"]
[EventDate "2013.09.08"]
[EventType "team-tourn"]
[EventRounds "9"]
[EventCountry "HUN"]
[SourceTitle "EXT 2016"]
[Source "ChessBase"]
[SourceDate "2015.10.08"]
[SourceVersion "1"]
[SourceVersionDate "2015.10.08"]
[SourceQuality "1"]
[WhiteTeam "Marcali"]
[BlackTeam "Baja"]
[WhiteTeamCountry "HUN"]
[BlackTeamCountry "HUN"]

1. b4 a5 2. b5 d6 3. a4 e5 4. g3 g6 5. Bb2 Bg7 6. Bg2 Ne7 7. d4 Nd7 8. Nf3 0-0 9. 0-0 Rb8 10. Bh3 e4 11. Nfd2 d5 12. Nb3 b6 13. Ba3 f5 14. Nc3 Nf6 15. e3 Rf7 16. f4 exf3 17. Qxf3 Ne4 18. Bxe7 Rxe7 19. Nxe4 Rxe4 20. Nd2 Re7 21. Bg2 Bb7 22. Rac1 Qe8 23. Rfe1 Bxd4 24. Nf1 Bc5 25. Qf4 d4 26. Re2 Bxg2 27. Kxg2 dxe3 28. Rce1 Re4 29. Qxc7 Rc8 30. Qb7 Rd8 31. Qc7 Rd6 32. Qb7 g5 33. Kf3 g4+ 34. Kg2 Re7 35. Rxe3 Bxe3 36. Rxe3 Rxe3 37. Nxe3 Rd2+ 38. Kf1 Qxe3 39. Qc8+ Kg7 40. Qc7+ Kg6 0-1

[Event "HUN-chT2 Asztalos 1213"]
[Site "Hungary"]
[Date "2012.12.02"]
[Round "5.4"]
[White "Kiss, Tamas B"]
[Black "Ruppaner, Janos"]
[Result "1-0"]
[WhiteElo "1954"]
[BlackElo "2125"]
[PlyCount "83"]
[EventDate "2012.09.16"]
[EventType "team-tourn"]
[EventRounds "9"]
[EventCountry "HUN"]
[SourceTitle "EXT 2014"]
[Source "ChessBase"]
[SourceDate "2013.11.20"]
[SourceVersion "1"]
[SourceVersionDate "2013.11.20"]
[SourceQuality "1"]
[WhiteTeam "Pecs Karmin"]
[BlackTeam "Baja"]
[WhiteTeamCountry "HUN"]
[BlackTeamCountry "HUN"]

1. d4 d6 2. c4 Bg4 3. Nc3 Nd7 4. f3 Bh5 5. e4 e5 6. d5 Be7 7. Be3 Qb8 8. Nge2 Bd8 9. Ng3 Bg6 10. Bd3 Ne7 11. b4 c6 12. 0-0 cxd5 13. exd5 f5 14. Bf2 a6 15. c5 0-0 16. a4 Kh8 17. Qb3 b6 18. c6 Nf6 19. b5 a5 20. Nge2 Bf7 21. Bc4 g5 22. h3 h5 23. Nc1 Rg8 24. Nd3 Ng6 25. g4 fxg4 26. fxg4 hxg4 27. hxg4 Qc8 28. Qd1 Nxg4 29. Ne4 Nxf2 30. Qh5+ Kg7 31. Nxd6 Rh8 32. Qxh8+ Nxh8 33. Nxc8 Nxd3 34. Bxd3 Rxc8 35. Bf5 Ra8 36. d6 Ra7 37. Rac1 Bc7 38. dxc7 Rxc7 39. Rfd1 Be8 40. Rd8 Kf7 41. Rc8 Rxc8 42. Bxc8 1-0

[Event "HUN-chT2 Asztalos 1112"]
[Site "Hungary"]
[Date "2012.04.22"]
[Round "9.6"]
[White "Heinrich, Ferenc"]
[Black "Ruppaner, Janos"]
[Result "0-1"]
[WhiteElo "1989"]
[BlackElo "2110"]
[PlyCount "112"]
[EventDate "2011.09.25"]
[EventType "team-tourn"]
[EventRounds "11"]
[EventCountry "HUN"]
[SourceTitle "EXT 2013"]
[Source "ChessBase"]
[SourceDate "2012.11.22"]
[SourceVersion "1"]
[SourceVersionDate "2012.11.22"]
[SourceQuality "1"]
[WhiteTeam "Kaposvar Bastya"]
[BlackTeam "Baja"]
[WhiteTeamCountry "HUN"]
[BlackTeamCountry "HUN"]

1. d4 d6 2. Nf3 Bg4 3. c4 Nd7 4. Qb3 Qb8 5. h3 Bh5 6. e4 e5 7. dxe5 dxe5 8. Be3 c6 9. Be2 Bg6 10. Nbd2 Ngf6 11. Qc2 h6 12. Nh4 Bh7 13. g4 Bc5 14. Nf5 Bxf5 15. gxf5 Bxe3 16. fxe3 Qd6 17. Rd1 Qc5 18. Qc3 a5 19. a3 a4 20. Kf2 Qa5 21. Qxa5 Rxa5 22. Bd3 Nc5 23. Bc2 g5 24. Kf3 Ke7 25. Rb1 Rd8 26. Rh2 b6 27. b4 axb3 28. Nxb3 Rxa3 29. Nxc5 bxc5 30. Rb7+ Rd7 31. Rxd7+ Kxd7 32. Rd2+ Kc7 33. Bd3 h5 34. Ke2 Ra1 35. Kf2 Rc1 36. Ra2 Kb7 37. Rb2+ Kc8 38. Rb6 Kc7 39. Ra6 Kb7 40. Ra3 Nd7 41. Be2 Rc2 42. Ke1 h4 43. Kd1 Rb2 44. Rd3 Kc7 45. Ra3 Kd6 46. Ra7 Rb8 47. Bh5 Rf8 48. Kd2 Nf6 49. Bxf7 Nxe4+ 50. Ke2 Ng3+ 51. Kd2 Nxf5 52. e4 Ng3 53. Ke3 Rb8 54. Ra6 Rb3+ 55. Kf2 Nxe4+ 56. Kg2 Nf6 0-1

[Event "HUN-chT2 Asztalos 1112"]
[Site "Hungary"]
[Date "2012.03.25"]
[Round "8.6"]
[White "Ruppaner, Janos"]
[Black "Toth, Zsolt"]
[Result "1-0"]
[WhiteElo "2110"]
[BlackElo "1906"]
[PlyCount "49"]
[EventDate "2011.09.25"]
[EventType "team-tourn"]
[EventRounds "11"]
[EventCountry "HUN"]
[SourceTitle "EXT 2013"]
[Source "ChessBase"]
[SourceDate "2012.11.22"]
[SourceVersion "1"]
[SourceVersionDate "2012.11.22"]
[SourceQuality "1"]
[WhiteTeam "Baja"]
[BlackTeam "Pecs Karmin"]
[WhiteTeamCountry "HUN"]
[BlackTeamCountry "HUN"]

1. e4 d5 2. exd5 Qxd5 3. Nc3 Qa5 4. b4 Qxb4 5. Rb1 Qd4 6. Nf3 Qd8 7. d4 e6 8. Bd3 Nf6 9. 0-0 c6 10. a4 Qa5 11. Bd2 Bb4 12. Qe1 Nbd7 13. Rxb4 Qxb4 14. Nb5 Qxa4 15. Nc7+ Kd8 16. Nxa8 b6 17. Ne5 Rf8 18. Bb4 c5 19. dxc5 Nxc5 20. Bxc5 bxc5 21. Qc3 Ne4 22. Bxe4 Qxe4 23. Qxc5 Qxa8 24. Qxf8+ Kc7 25. Rd1 1-0

[Event "HUN-chT2 Asztalos 0607"]
[Site "Hungary"]
[Date "2007.04.29"]
[Round "9"]
[White "Ruppaner, Janos"]
[Black "Kele, Karoly"]
[Result "0-1"]
[WhiteElo "2136"]
[BlackElo "2139"]
[PlyCount "98"]
[EventDate "2006.11.12"]
[EventType "team-tourn"]
[EventRounds "11"]
[EventCountry "HUN"]
[SourceTitle "EXT 2008"]
[Source "ChessBase"]
[SourceDate "2007.11.25"]
[SourceVersion "1"]
[SourceVersionDate "2007.11.25"]
[SourceQuality "1"]
[WhiteTeam "OK Travel"]
[BlackTeam "Pannonpower II"]
[WhiteTeamCountry "HUN"]
[BlackTeamCountry "HUN"]

1. e4 c5 2. d4 cxd4 3. Qxd4 Nc6 4. Qe3 Nf6 5. c4 d6 6. Bd2 g6 7. Bc3 Bg7 8. h3 Be6 9. f4 Rc8 10. Nf3 0-0 11. Nbd2 Qc7 12. Be2 Na5 13. e5 Nd7 14. exd6 exd6 15. Bxg7 Kxg7 16. 0-0 Qb6 17. Qxb6 Nxb6 18. b3 d5 19. c5 Nd7 20. Nd4 Nc6 21. Nxc6 Rxc6 22. b4 b6 23. Bb5 Rc7 24. Bxd7 Bxd7 25. Nb3 Ba4 26. cxb6 axb6 27. Rac1 Rfc8 28. Rxc7 Rxc7 29. Rc1 Re7 30. Rd1 Re4 31. Rxd5 Bxb3 32. axb3 Rxb4 33. Rd3 Rxf4 34. g3 Re4 35. Kf2 h5 36. Kf3 Re1 37. h4 Kf6 38. Rd6+ Re6 39. Rd5 Ke7 40. Kf4 Rd6 41. Re5+ Kd7 42. Rb5 Kc6 43. Rb4 Kc5 44. Rc4+ Kd5 45. Rc7 Rf6+ 46. Ke3 Re6+ 47. Kd3 f5 48. Rg7 Kc5 49. Kc3 Re3+ 0-1

[Event "HUN-chT2 Asztalos 0607"]
[Site "Hungary"]
[Date "2007.03.25"]
[Round "7"]
[White "Ruppaner, Janos"]
[Black "Vrban, Mladen"]
[Result "0-1"]
[WhiteElo "2136"]
[BlackElo "2297"]
[PlyCount "127"]
[EventDate "2006.11.12"]
[EventType "team-tourn"]
[EventRounds "11"]
[EventCountry "HUN"]
[SourceTitle "EXT 2008"]
[Source "ChessBase"]
[SourceDate "2007.11.25"]
[SourceVersion "1"]
[SourceVersionDate "2007.11.25"]
[SourceQuality "1"]
[WhiteTeam "OK Travel"]
[BlackTeam "Nagyatad"]
[WhiteTeamCountry "HUN"]
[BlackTeamCountry "HUN"]

1. e4 g6 2. d4 c6 3. Be3 d5 4. Nc3 Bg7 5. Qd2 h5 6. Nf3 Nf6 7. exd5 Nxd5 8. Nxd5 cxd5 9. Bd3 Nd7 10. 0-0 Nf6 11. h3 Bd7 12. Ne5 a6 13. a4 Be6 14. Rae1 Nd7 15. Nf3 Nf8 16. Bf4 Qd7 17. Qb4 f6 18. Re2 g5 19. Rfe1 gxf4 20. Rxe6 Nxe6 21. Bg6+ Kf8 22. Bf5 a5 23. Qb6 Ra6 24. Bxe6 Rxb6 25. Bxd7 Kf7 26. b3 e6 27. Bb5 Rd6 28. c4 Rc8 29. c5 Rdd8 30. Nh4 f5 31. Nf3 Bf6 32. Ne5+ Bxe5 33. Rxe5 Kf6 34. Re1 Rc7 35. f3 h4 36. Kf2 Rdc8 37. Re2 Re7 38. Rc2 e5 39. dxe5+ Kxe5 40. Bd3 Rec7 41. Re2+ Kf6 42. b4 axb4 43. Rb2 Rxc5 44. Rxb4 R8c7 45. Rxf4 Rc3 46. Ke3 R7c4 47. Rxf5+ Ke6 48. Rh5 Rxa4 49. Rh6+ Ke7 50. Rh7+ Kd6 51. Kd2 d4 52. Rh6+ Ke7 53. Be4 Ra2+ 54. Kd1 d3 55. Rh7+ Ke6 56. Rxb7 d2 57. Rb1 Re3 58. Rb6+ Ke5 59. Rb5+ Kf4 60. Bc2 Rc3 61. Rb4+ Kg3 62. Rg4+ Kf2 63. Kxd2 Raxc2+ 64. Kd1 0-1

[Event "HUN-chT2 Asztalos 0607"]
[Site "Hungary"]
[Date "2007.03.04"]
[Round "6"]
[White "Paszler, Jozsef"]
[Black "Ruppaner, Janos"]
[Result "1-0"]
[WhiteElo "2240"]
[BlackElo "2136"]
[PlyCount "55"]
[EventDate "2006.11.12"]
[EventType "team-tourn"]
[EventRounds "11"]
[EventCountry "HUN"]
[SourceTitle "EXT 2008"]
[Source "ChessBase"]
[SourceDate "2007.11.25"]
[SourceVersion "1"]
[SourceVersionDate "2007.11.25"]
[SourceQuality "1"]
[WhiteTeam "Szekszard"]
[BlackTeam "OK Travel"]
[WhiteTeamCountry "HUN"]
[BlackTeamCountry "HUN"]

1. d4 d6 2. c4 Bg4 3. h3 Bf5 4. Nc3 Nd7 5. e4 Bg6 6. Nf3 e5 7. d5 Be7 8. Be3 c6 9. Bd3 Qb8 10. 0-0 Bd8 11. Qd2 Ne7 12. Rad1 cxd5 13. cxd5 a6 14. Rc1 b5 15. Ne2 0-0 16. Ng3 Bb6 17. h4 f6 18. h5 Be8 19. Nh4 g6 20. Bh6 Rf7 21. Be2 Nf8 22. Bxf8 Rxf8 23. Bg4 Bf7 24. Qh6 Ra7 25. Rc3 f5 26. hxg6 hxg6 27. Nhxf5 Nxf5 28. Nxf5 1-0

[Event "HUN-chT2 Asztalos 0607"]
[Site "Hungary"]
[Date "2007.02.18"]
[Round "5"]
[White "Ruppaner, Janos"]
[Black "Nemeth, Attila Janos"]
[Result "1-0"]
[WhiteElo "2136"]
[BlackElo "2060"]
[PlyCount "72"]
[EventDate "2006.11.12"]
[EventType "team-tourn"]
[EventRounds "11"]
[EventCountry "HUN"]
[SourceTitle "EXT 2008"]
[Source "ChessBase"]
[SourceDate "2007.11.25"]
[SourceVersion "1"]
[SourceVersionDate "2007.11.25"]
[SourceQuality "1"]
[WhiteTeam "OK Travel"]
[BlackTeam "Pecs Karmin"]
[WhiteTeamCountry "HUN"]
[BlackTeamCountry "HUN"]

1. e4 e6 2. d4 d5 3. Nd2 Nf6 4. e5 Nfd7 5. Ngf3 c5 6. dxc5 Nxc5 7. Nb3 Nxb3 8. axb3 Bd7 9. Bd3 Nc6 10. c3 Qc7 11. Qe2 Bc5 12. b4 Bb6 13. 0-0 h6 14. Re1 Rd8 15. Bd2 a6 16. Kh1 Ne7 17. b3 Bc6 18. Rad1 Ng6 19. Bxg6 fxg6 20. Be3 0-0 21. Bxb6 Qxb6 22. Nd4 Be8 23. Qg4 Bf7 24. Re3 Rde8 25. h4 Qc7 26. f4 Qe7 27. Rg3 h5 28. Qh3 Kh7 29. Rg5 Ra8 30. Rg1 Bg8 31. Qd3 Rf5 32. Nxf5 exf5 33. g4 d4 34. gxh5 Bd5+ 35. Kh2 Be4 36. Qe2 d3 1-0

[Event "HUN-chT2 Asztalos 0506"]
[Site "Hungary"]
[Date "2006.04.23"]
[Round "11"]
[White "Matrahalmi, Tibor"]
[Black "Ruppaner, Janos"]
[Result "1-0"]
[WhiteElo "2215"]
[BlackElo "2153"]
[PlyCount "47"]
[EventDate "2005.10.16"]
[EventType "team-tourn"]
[EventRounds "11"]
[EventCountry "HUN"]
[SourceTitle "EXT 2009"]
[Source "ChessBase"]
[SourceDate "2008.11.26"]
[SourceVersion "1"]
[SourceVersionDate "2008.11.26"]
[SourceQuality "1"]
[WhiteTeam "MAV Elore"]
[BlackTeam "OK Travel"]
[WhiteTeamCountry "HUN"]
[BlackTeamCountry "HUN"]

1. e4 c5 2. c3 d6 3. d4 Nd7 4. Nf3 a6 5. Bd3 e5 6. 0-0 b5 7. a4 Rb8 8. Re1 Be7 9. Nbd2 g5 10. dxe5 dxe5 11. Nf1 g4 12. N3d2 h5 13. Ne3 Nf8 14. Nd5 Nf6 15. axb5 axb5 16. c4 b4 17. Ra7 Bd6 18. Qa4+ N6d7 19. Qc6 Rh6 20. Nf1 Re6 21. Ng3 Nh7 22. Nf5 Kf8 23. Nxd6 Nb6 24. Nxf7 1-0

[Event "HUN-chT2 Asztalos 0506"]
[Site "Hungary"]
[Date "2005.11.13"]
[Round "3"]
[White "Ruppaner, Janos"]
[Black "Paszler, Jozsef"]
[Result "1-0"]
[WhiteElo "2153"]
[BlackElo "2254"]
[PlyCount "35"]
[EventDate "2005.10.16"]
[EventType "team-tourn"]
[EventRounds "11"]
[EventCountry "HUN"]
[SourceTitle "EXT 2009"]
[Source "ChessBase"]
[SourceDate "2008.11.26"]
[SourceVersion "1"]
[SourceVersionDate "2008.11.26"]
[SourceQuality "1"]
[WhiteTeam "OK Travel"]
[BlackTeam "Szekszard"]
[WhiteTeamCountry "HUN"]
[BlackTeamCountry "HUN"]

1. e4 c5 2. d4 cxd4 3. Qxd4 Nc6 4. Qe3 Nf6 5. c4 d6 6. Bd2 Ng4 7. Qg3 Qb6 8. Bc3 h5 9. h3 h4 10. Qf3 Nge5 11. Qd1 Be6 12. Nd2 g5 13. Ngf3 Bg7 14. Nxg5 0-0-0 15. Nxe6 fxe6 16. Qb3 Qc7 17. f4 Na5 18. Qb5 1-0

[Event "HUN-chT2 Toth 0405"]
[Site "Hungary"]
[Date "2005.04.24"]
[Round "11"]
[White "Ruppaner, Janos"]
[Black "Toth, Gergely"]
[Result "1-0"]
[WhiteElo "2167"]
[BlackElo "2183"]
[PlyCount "71"]
[EventDate "2004.09.26"]
[EventType "team-tourn"]
[EventRounds "11"]
[EventCountry "HUN"]
[SourceTitle "EXT 2009"]
[Source "ChessBase"]
[SourceDate "2008.11.26"]
[SourceVersion "1"]
[SourceVersionDate "2008.11.26"]
[SourceQuality "1"]
[WhiteTeam "Kalocsa"]
[BlackTeam "Bege"]
[WhiteTeamCountry "HUN"]
[BlackTeamCountry "HUN"]

1. e4 c5 2. d4 cxd4 3. Qxd4 Nc6 4. Qd3 Nf6 5. c4 Ng4 6. Qg3 d6 7. h3 Nf6 8. Nd2 g6 9. Bd3 Bg7 10. Ne2 0-0 11. 0-0 Qb6 12. Nb3 Ne5 13. c5 Qc7 14. cxd6 Qxd6 15. Bc2 Nh5 16. Qh4 Qc7 17. Nc3 Bf6 18. Bg5 Be6 19. Nd4 Bc4 20. Rfe1 Rfd8 21. Nf5 Rd2 22. Ne3 Rad8 23. Rac1 Be6 24. Bd1 Bxg5 25. Qxg5 f6 26. Qh4 Ng7 27. Be2 Qd7 28. Ncd5 Nc6 29. b4 a6 30. a4 g5 31. Qg3 Qd6 32. Qxd6 exd6 33. Nxf6+ Kf7 34. Nfd5 Ne8 35. Bh5+ Kf8 36. b5 1-0

[Event "HUN-chT2 Toth 0405"]
[Site "Hungary"]
[Date "2005.02.20"]
[Round "8"]
[White "Kevei, Peter"]
[Black "Ruppaner, Janos"]
[Result "1-0"]
[WhiteElo "2184"]
[BlackElo "2167"]
[PlyCount "47"]
[EventDate "2004.09.26"]
[EventType "team-tourn"]
[EventRounds "11"]
[EventCountry "HUN"]
[SourceTitle "EXT 2009"]
[Source "ChessBase"]
[SourceDate "2008.11.26"]
[SourceVersion "1"]
[SourceVersionDate "2008.11.26"]
[SourceQuality "1"]
[WhiteTeam "Maroczy"]
[BlackTeam "Kalocsa"]
[WhiteTeamCountry "HUN"]
[BlackTeamCountry "HUN"]

1. e4 c5 2. Nf3 d6 3. d4 cxd4 4. Nxd4 Nf6 5. Nc3 a6 6. Bc4 Qa5 7. 0-0 Nbd7 8. Kh1 g5 9. f4 gxf4 10. Bxf4 Ne5 11. Bxe5 Qxe5 12. Rxf6 exf6 13. Nd5 Rb8 14. Nf3 Bg4 15. Nxe5 Bxd1 16. Nxf6+ Ke7 17. Nd5+ Ke6 18. Nd3 Bxc2 19. Ne3+ Ke7 20. Nxc2 Bg7 21. Ne3 Rhd8 22. Rf1 f6 23. Nf5+ Kf8 24. Nf4 1-0

[Event "HUN-chT2 Toth 0405"]
[Site "Hungary"]
[Date "2004.10.10"]
[Round "2"]
[White "Ruppaner, Janos"]
[Black "Karsai, Istvan"]
[Result "0-1"]
[WhiteElo "2167"]
[BlackElo "2148"]
[PlyCount "44"]
[EventDate "2004.09.26"]
[EventType "team-tourn"]
[EventRounds "11"]
[EventCountry "HUN"]
[SourceTitle "EXT 2009"]
[Source "ChessBase"]
[SourceDate "2008.11.26"]
[SourceVersion "1"]
[SourceVersionDate "2008.11.26"]
[SourceQuality "1"]
[WhiteTeam "Kalocsa"]
[BlackTeam "Szentes"]
[WhiteTeamCountry "HUN"]
[BlackTeamCountry "HUN"]

1. e4 e6 2. d4 d5 3. Nd2 Nf6 4. Bd3 dxe4 5. Nxe4 Nbd7 6. Nf3 Nxe4 7. Bxe4 Nf6 8. Bg5 Be7 9. Bxf6 Bxf6 10. Qe2 0-0 11. 0-0-0 c5 12. h4 Qc7 13. Kb1 cxd4 14. g4 g6 15. Nxd4 Bd7 16. h5 Rac8 17. c3 Ba4 18. Rdg1 Rfd8 19. hxg6 hxg6 20. Rh4 Qb6 21. Nc2 Rxc3 22. Ne3 Rc2 0-1